000 01200cam a2200349 i 4500
001 14846262
003 EG-ScBUE
005 20230110100709.0
008 070510t2006 caua f 001 0 eng d
020 _a1560109904
020 _a9781560109907
040 _aDLC
_beng
_erda
_cDLC
_dDLC
_dEG-ScBUE
082 0 4 _a752
_bPOW
_222
100 1 _aPowell, William F.
_c(Artist)
_eauthor.
_937928
245 1 0 _aColor mixing recipes for portraits :
_bmore than 500 color combinations for skin, eyes. lips, and hair /
_cby William F. Powell.
246 3 4 _aColor mixing recipes for portraits :
_boil, acrylic, watercolor
264 1 _aIrvine, CA :
_bWalter Foster Publishing,
_c[2006]
264 4 _cc2006
300 _a48 pages :
_bcolor illustrations ;
_c25 cm
336 _2rdacontent
_atext
_btxt
337 _2rdamedia
_aunmediated
_bn
338 _2rdacarrier
_avolume
_bnc
500 _aIncludes index.
500 _aIncludes color mixing grid.
650 7 _aColor in art.
_2BUEsh
_937973
650 7 _aColor guides.
_2BUEsh
_937930
650 7 _aPortrait painting
_xTechnique.
_2BUEsh
_937958
651 _2BUEsh
653 _bCOMAME
_cMay2015
655 _vReading book
942 _2ddc
_k752 POW
_cBB
999 _c19298
_d19270